Geography Quiz

Random Geography or City Quiz
Score 0/12 Timer 07:00
11 Plays Today
% Correct
Wellington
97%
Auckland
96.1%
Christchurch
89.6%
Dunedin
67.4%
Hamilton
60.8%
Nelson
54.3%
Napier
49.2%
Tauranga
41.3%
Invercargill
37.1%
Palmerston North
36.3%
Lower Hutt
19.2%
Porirua
13.7%

You're not logged in!

Compare scores with friends on all Sporcle quizzes.
OR
Log In

Sporcle TV

Today on Sporcle TV


Watch our educational content, quiz creation guides, and fun videos on Sporcle TV.

Show Comments

Extras

Top Quizzes Today


Score Distribution

Paid Content

Your Account Isn't Verified!

In order to create a playlist on Sporcle, you need to verify the email address you used during registration. Go to your Sporcle Settings to finish the process.

Report this User

Report this user for behavior that violates our Community Guidelines.

Details: